| 000 | 00644nam a2200253Ia 4500 | ||
|---|---|---|---|
| 005 | 20260121154827.0 | ||
| 008 | 008 260114s9999 xx 000 0 eng d | ||
| 020 | _a9781003339274 | ||
| 037 | _aEBOOK | ||
| 040 | _aCRL | ||
| 040 | _beng | ||
| 040 | _cCRL | ||
| 041 | _2eng | ||
| 041 | _aeng | ||
| 084 | _qCRL | ||
| 100 |
_a Tony Gorschek; Luiz Eduardo G. Martins _91011976 |
||
| 245 | 0 | _aRequirements Engineering for Safety-Critical Systems | |
| 260 | _bTaylor and Francis | ||
| 260 | _c2021 | ||
| 856 | _uhttp://www.taylorfrancis.com/books/9781003339274 | ||
| 942 | _cEBOOK | ||
| 999 |
_c1578795 _d1578795 |
||